000
00302nam a22001337a 4500
008
180312b xxu||||| |||| 00| 0 eng d
020
_a
9780882296012
041
_a
eng
080
_a
49
100
_a
59
101
_a
PSI
245
_a
OPPRESSION AND SOCIAL INTERVENTION
_c
IRA.G
942
_2
udc
_c
BK
999
_c
44776
_d
44776